Stacje i przystanki kolejowe w Lublinie - Statystyki

Ogólne statystyki
  • Ten quiz został rozwiązany 245 razy
  • Średni wynik to 4 z 7
Statystyki odpowiedzi
Rodzaj Odpowiedź % Poprawnych
Stacja Lublin Główny
97%
P.o Lublin Zachodni
88%
P.o Lublin Północny
78%
P.o Lublin Zadębie
46%
P.o Lublin Ponikwoda
45%
P.o Lublin Zemborzyce
41%
P.o Rudnik
18%
Nie znaleziono quizów pasujących do podanych kryteriów
Rozkład punktacji
Procent ludzi z każdym wynikiem
Percentyl według liczby udzielonych odpowiedzi
Twoja historia wyników
Nie rozwiązałeś tego quizu